Jésus, la lumière et le Père vivant. Principe de gémellité dans l'Évangile selon Thomas (Record no. 423453)
[ view plain ]
| 000 -CABECERA | |
|---|---|
| Campo de control de longitud fija | 00471nab a22001457 4500 |
| 003 - IDENTIFICADOR DEL NÚMERO DE CONTROL | |
| Campo de control | ES-SlBC |
| 005 - FECHA Y HORA DE LA ÚLTIMA TRANSACCIÓN | |
| Campo de control | 20210327223942.0 |
| 008 - CÓDIGOS DE INFORMACIÓN DE LONGITUD FIJA | |
| Campo de control de longitud fija | 130712s2012 fr ||||| |||| 00| 0 fre d |
| 040 ## - FUENTE DE LA CATALOGACIÓN | |
| Centro catalogador del origen | ES-SlBC |
| Lengua de catalogación | spa |
| 041 ## - CÓDIGO DE LENGUA | |
| Código de lengua del texto/banda sonora o título independiente | fre |
| 100 1# - PUNTO DE ACCESO PRINCIPAL-NOMBRE DE PERSONA | |
| Nombre de persona | Gagné, André |
| 9 (RLIN) | 45394 |
| 245 10 - MENCIÓN DE TÍTULO | |
| Título | Jésus, la lumière et le Père vivant. Principe de gémellité dans l'Évangile selon Thomas |
| Mención de responsabilidad, etc. | André Gagné |
| 773 0# - ENLACE AL DOCUMENTO FUENTE | |
| Parte(s) relacionada(s) | Núm. 23, 2012, págs. 209-222 |
| Título | Apocrypha |
| Número de control del registro relacionado | Rev49 |
| Número Internacional Normalizado para Publicaciones Seriadas (ISSN) | 1155-3316 |
| 942 ## - ENTRADA DE ELEMENTOS AGREGADOS (KOHA) | |
| Fuente de clasificaión o esquema | |
| Koha [por defecto] tipo de item | Artículos de revista |
| Suprimido | Perdido | Fuente de clasificación o esquema | Estropeado | No para préstamo | Localización permanente | Localización actual | Localización en estantería | Fecha adquisición | Préstamos totales | Fecha última consulta | Fecha del precio de reemplazo | Tipo de item de Koha |
|---|---|---|---|---|---|---|---|---|---|---|---|---|
| San Esteban | San Esteban | Depósito de revistas | 12/07/2013 | 12/07/2013 | 12/07/2013 | Artículos de revista |
